Makmal kecemerlangan Hospital Pengajar Universiti (HPU) pada 27-29 Oktober 2013, Holiday Villa Hotel & Suites, Kota Bharu, Kelantan

Bibliographic Details
Corporate Authors: Workshop, Universiti Sains Malaysia . Pusat Inovasi & Produktiviti Pentadbiran Awam Kampus Kesihatan
Format: Conference Proceeding Book
Language:Malay
Published: 2013
Subjects:

MARC

LEADER 00000cam a2200000 7i4500
001 0000086721
005 20200113093000.0
008 140723s2013 my may
050 0 0 |a RA971   |b M35 2013 
090 0 0 |a RA971   |b M35 2013 
111 1 |a Workshop   |d (27-29 Oktober 2013 : Kelantan) 
245 0 0 |a Makmal kecemerlangan Hospital Pengajar Universiti (HPU) pada 27-29 Oktober 2013, Holiday Villa Hotel & Suites, Kota Bharu, Kelantan   |c organised by Pusat Inovasi & Produktiviti Pentadbiran Awam Kampus Kesihatan, USM 
260 |c 2013 
300 |a 1v. (various paging) :   |b ill. ;   |c 29 cm. 
650 0 |a Hospitals   |x Administration 
650 0 |a Hospitals   |x Staff 
710 2 |a Universiti Sains Malaysia .   |b Pusat Inovasi & Produktiviti Pentadbiran Awam Kampus Kesihatan 
999 |a 1000154209   |b Seminar Papers   |c Reference   |e Gong Badak Campus